Prentice Hall nurse's drug guide / (Record no. 10900)
[ view plain ]
| 000 -LEADER | |
|---|---|
| fixed length control field | 01134cam a22003254a 4500 |
| 001 - CONTROL NUMBER | |
| control field | 13693840 |
| 005 - DATE AND TIME OF LATEST TRANSACTION | |
| control field | 20201128013526.0 |
| 008 - FIXED-LENGTH DATA ELEMENTS--GENERAL INFORMATION | |
| fixed length control field | 040820s2004 nju 000 0 eng |
| 010 ## - LIBRARY OF CONGRESS CONTROL NUMBER | |
| LC control number | 2004556762 |
| 020 ## - INTERNATIONAL STANDARD BOOK NUMBER | |
| International Standard Book Number | 0132352001 |
| 020 ## - INTERNATIONAL STANDARD BOOK NUMBER | |
| International Standard Book Number | 9780132352000 |
| 020 ## - INTERNATIONAL STANDARD BOOK NUMBER | |
| International Standard Book Number | 013235206 |
| 020 ## - INTERNATIONAL STANDARD BOOK NUMBER | |
| International Standard Book Number | 9780132352062 |
| 040 ## - CATALOGING SOURCE | |
| Original cataloging agency | DLC |
| Transcribing agency | DLC |
| Modifying agency | DLC |
| 042 ## - AUTHENTICATION CODE | |
| Authentication code | pcc |
| 050 00 - LIBRARY OF CONGRESS CALL NUMBER | |
| Classification number | RT50.5 |
| Item number | .W55 2004 |
| 082 00 - DEWEY DECIMAL CLASSIFICATION NUMBER | |
| Classification number | 025.0661073 |
| Edition number | 22 |
| Item number | WIL |
| 100 1# - MAIN ENTRY--PERSONAL NAME | |
| Personal name | Wilson, Billie Ann. |
| 9 (RLIN) | 2647 |
| 245 10 - TITLE STATEMENT | |
| Title | Prentice Hall nurse's drug guide / |
| Statement of responsibility, etc | Billie Ann Wilson...[et. al.]. |
| 246 30 - VARYING FORM OF TITLE | |
| Title proper/short title | Nurse's drug guide for PDAs |
| 260 ## - PUBLICATION, DISTRIBUTION, ETC. (IMPRINT) | |
| Place of publication, distribution, etc | Upper Saddle River, N.J. : |
| Name of publisher, distributor, etc | Pearson/Prentice Hall, |
| Date of publication, distribution, etc | c2008. |
| 300 ## - PHYSICAL DESCRIPTION | |
| Extent | xviii, 1763 p. : |
| Dimensions | 21 cm. + |
| Accompanying material | 1 CD-ROM (4 3/4 in.) |
| 500 ## - GENERAL NOTE | |
| General note | "Includes PDA download access card" -- cover |
| 650 #0 - SUBJECT ADDED ENTRY--TOPICAL TERM | |
| Topical term or geographic name as entry element | Nursing |
| General subdivision | Computer network resources. |
| 9 (RLIN) | 2648 |
| 650 #0 - SUBJECT ADDED ENTRY--TOPICAL TERM | |
| Topical term or geographic name as entry element | Web sites |
| General subdivision | Ratings. |
| 9 (RLIN) | 2649 |
| 650 #0 - SUBJECT ADDED ENTRY--TOPICAL TERM | |
| Topical term or geographic name as entry element | Drugs |
| General subdivision | Administration. |
| 9 (RLIN) | 2650 |
| 650 #0 - SUBJECT ADDED ENTRY--TOPICAL TERM | |
| Topical term or geographic name as entry element | Pocket computers. |
| 9 (RLIN) | 2651 |
| 942 ## - ADDED ENTRY ELEMENTS (KOHA) | |
| Source of classification or shelving scheme | Dewey Decimal Classification |
| Item type | Reference (NB) |
| Withdrawn status | Item status | Source of classification or shelving scheme | Damaged status | Not for loan | Vendor | Home library | Current library | Shelving location | Date acquired | Source of acquisition | Cost, normal purchase price | Serial Enumeration / chronology | Total Checkouts | Full call number | Barcode | Date last seen | Date last borrowed | Koha item type |
|---|---|---|---|---|---|---|---|---|---|---|---|---|---|---|---|---|---|---|
| Dewey Decimal Classification | Academic Bookshop | Central Library | Central Library | Lower Floor | 19/02/2009 | 192.00 | 328 | 3 | 025.0661073 WIL | 000014847 | 15/07/2025 | 14/04/2011 | NB - Book (Non borrowing) | |||||
| Dewey Decimal Classification | Academic Bookshop | Central Library | Central Library | Lower Floor | 19/02/2009 | 192.00 | 328 | 11 | 025.0661073 WIL | 000014848 | 15/07/2025 | 15/01/2013 | NB - Book (Non borrowing) |